Statistics for Click the Country - Airport

Click here to take the quiz!

General Stats

  • This quiz has been taken 85 times
  • The average score is 16 of 20

Answer Stats

HintAnswer% Correct
Leonardo da Vinci-Fiumicino (FCO)Italy
97%
Charles de Gaulle (CDG)France
93%
Trudeau (YUL)Canada
88%
King Khalid (RUH)Saudi Arabia
88%
Noi Bai (HAN)Vietnam
88%
Schiphol (AMS)Netherlands
86%
Kingsford Smith (SYD)Australia
85%
Chhatrapati Shivaji Maharaj (BOM)India
85%
Sheremetyevo (SVO)Russia
84%
John Lennon (LPL)UK
81%
John Wayne (SNA)USA
81%
Suvarnabhumi (BKK)Thailand
78%
Miguel Hidalgo y Costilla (GDL)Mexico
77%
John Paul II (KRK)Poland
77%
Humberto Delgado (LIS)Portugal
77%
El Prat De Llobregat (BCN)Spain
68%
King Shaka (DUR)South Africa
67%
Guarulhos (GRU)Brazil
63%
Aurel Vlaicu (BBU)Romania
62%
Murtala Muhammed (LOS)Nigeria
59%

Score Distribution

Percentile by Number Answered

Percent of People with Each Score

Your Score History

You have not taken this quiz